[Event "C.to Provinciale MN"]
[Site "Suzzara ITA"]
[Date "2006.01.??"]
[Round "5"]
[White "Boni, Gianni"]
[Black "Sguazzabia, Renzo"]
[Result "1-0"]
[WhiteElo "1607"]
[BlackElo "1577"]
[PlyCount "61"]
[EventDate "2006.01.20"]

1. b3 Nf6 2. Bb2 g6 3. Nf3 d6 4. e3 Bg7 5. Nc3 O-O 6. Bd3 e5 7. Ne4 Nbd7 8.
Nxf6+ Nxf6 9. e4 b6 10. Qe2 a5 11. a4 Nh5 12. g3 Bh3 13. O-O-O Bd7 14. Rdg1 c6
15. g4 Nf4 16. Qf1 Qb8 17. h4 h5 18. gxh5 Nxh5 19. Be2 Nf4 20. Ne1 Qc8 21. Rg3
b5 22. Nd3 Bh6 23. Nxf4 Bxf4 24. Qg2 Qd8 25. Rxg6+ fxg6 26. Qxg6+ Kh8 27. Qh5+
Kg7 28. Rg1+ Kf6 29. Rg6+ Ke7 30. Rg7+ Ke6 31. Bg4+ 1-0

[Event "C.to Provinciale MN"]
[Site "Suzzara ITA"]
[Date "2006.01.??"]
[Round "5"]
[White "Foroni, Francesco"]
[Black "Marchio', Marino"]
[Result "1-0"]
[WhiteElo "1818"]
[BlackElo "2060"]
[PlyCount "31"]
[EventDate "2006.01.20"]

1. Nf3 d5 2. e3 Nf6 3. d4 Bg4 4. c4 Bxf3 5. Qxf3 e6 6. Nc3 c6 7. Bd2 Qd6 8.
cxd5 exd5 9. Bd3 Be7 10. O-O O-O 11. e4 dxe4 12. Nxe4 Qd5 13. Nxf6+ Bxf6 14.
Be4 Qxd4 15. Bc3 Qd8 16. Qf5 1-0

[Event "C.to Provinciale MN"]
[Site "Suzzara ITA"]
[Date "2006.01.??"]
[Round "5"]
[White "Tamassia, Gabriele"]
[Black "Schiatti, Piero"]
[Result "0-1"]
[WhiteElo "1625"]
[BlackElo "2042"]
[PlyCount "58"]
[EventDate "2006.01.20"]

1. Nf3 d5 2. d4 Nf6 3. h3 c5 4. c3 Nbd7 5. Bf4 g6 6. e3 Bg7 7. Nbd2 O-O 8. Bd3
b6 9. O-O Bb7 10. Re1 Rc8 11. e4 cxd4 12. cxd4 dxe4 13. Nxe4 Nxe4 14. Bxe4 Bxe4
15. Rxe4 Nf6 16. Re2 e6 17. Be5 Qd7 18. Rc1 Bh6 19. Rxc8 Rxc8 20. Rc2 Nd5 21.
a3 f6 22. Bg3 Ne7 23. Qe2 Kf7 24. Bh4 Nf5 25. Rxc8 Qxc8 26. Qd1 Qc1 27. Qxc1
Bxc1 28. g4 Nxh4 29. Nxh4 Bxb2 0-1

[Event "C.to Provinciale MN"]
[Site "Suzzara ITA"]
[Date "2006.01.??"]
[Round "6"]
[White "Boni, Gianni"]
[Black "Tamassia, Gabriele"]
[Result "1/2-1/2"]
[WhiteElo "1607"]
[BlackElo "1625"]
[PlyCount "79"]
[EventDate "2006.01.20"]

1. b3 Nf6 2. Bb2 g6 3. Nf3 Bg7 4. e3 O-O 5. d3 d6 6. Nbd2 e5 7. h3 Nbd7 8. Be2
Nb6 9. Nh2 Nfd7 10. Ndf3 f5 11. Qd2 Nf6 12. O-O-O a5 13. d4 e4 14. Ng1 a4 15.
g4 axb3 16. axb3 Be6 17. gxf5 Bxf5 18. Bg4 Qd7 19. Qe2 Ra7 20. Bxf5 Qxf5 21.
Rf1 Nh5 22. Qg4 d5 23. Qxf5 Rxf5 24. Ne2 Ra8 25. Ng3 Nxg3 26. fxg3 Raf8 27. Ba3
Rxf1+ 28. Rxf1 Rf7 29. Kd2 Nd7 30. c4 c6 31. Kc3 Bh6 32. Rxf7 Kxf7 33. Nf1 Ke6
34. cxd5+ Kxd5 35. Be7 Bg7 36. g4 c5 37. g5 cxd4+ 38. exd4 Ke6 39. Bd8 Nc5 40.
Ng3 1/2-1/2

[Event "C.to Provinciale MN"]
[Site "Suzzara ITA"]
[Date "2006.01.??"]
[Round "6"]
[White "Marchio', Marino"]
[Black "Grossi, Enrico"]
[Result "1/2-1/2"]
[WhiteElo "2060"]
[BlackElo "1538"]
[PlyCount "67"]
[EventDate "2006.01.20"]

1. Nf3 d5 2. b3 e6 3. Bb2 Nd7 4. e3 Ngf6 5. Be2 Be7 6. O-O O-O 7. d3 b6 8. Nbd2
Bb7 9. Ne5 Rc8 10. f4 Bc5 11. d4 Be7 12. Bd3 c5 13. Qf3 cxd4 14. exd4 g6 15.
Rae1 Kg7 16. g4 h6 17. Qg3 Nxe5 18. fxe5 Ne4 19. Qg2 Nxd2 20. Qxd2 Bg5 21. Qe2
Rh8 22. Qf3 Qe8 23. Bc1 Bxc1 24. Rxc1 Qe7 25. Rf2 Rcf8 26. Rcf1 Kg8 27. Qf6
Qxf6 28. Rxf6 Kg7 29. R1f2 Bc6 30. Bf1 Be8 31. Kg2 h5 32. gxh5 Rxh5 33. Kg3
Rfh8 34. Bd3 1/2-1/2

[Event "C.to Provinciale AP"]
[Site "Fermo ITA"]
[Date "2006.01.14"]
[Round "1"]
[White "Morelli, Basilio"]
[Black "Perdichizzi, Roberto"]
[Result "0-1"]
[WhiteElo "1548"]
[BlackElo "1425"]
[PlyCount "76"]
[EventDate "2006.01.14"]

1. d4 Nf6 2. Nf3 g6 3. Bf4 Bg7 4. e3 d6 5. c4 c6 6. Nc3 O-O 7. h3 Bf5 8. Bd3
Bxd3 9. Qxd3 Nbd7 10. Rd1 Nh5 11. Bh2 e5 12. dxe5 Nxe5 13. Nxe5 dxe5 14. Qc2
Qc7 15. O-O Rad8 16. Qe2 f5 17. b4 f4 18. Ne4 Qe7 19. c5 f3 20. gxf3 Nf6 21.
Qc4+ Kh8 22. Ng5 Rxd1 23. Rxd1 Nd5 24. Ne4 Rxf3 25. Bg3 Qf8 26. Qb3 Qf5 27. Nd2
h5 28. Nxf3 Qxf3 29. Qd3 Kh7 30. e4 Ne3 31. Qxe3 Qxd1+ 32. Kg2 Qc2 33. Qe1 Qxa2
34. Qc3 Qe2 35. Bxe5 Qxe4+ 36. f3 Qe2+ 37. Kh1 Bxe5 38. Qxe5 Qxe5 0-1

[Event "C.to Provinciale AP"]
[Site "Fermo ITA"]
[Date "2006.01.14"]
[Round "1"]
[White "Zucca, Edoardo"]
[Black "Santarelli, Enrico"]
[Result "0-1"]
[WhiteElo "1410"]
[BlackElo "1554"]
[PlyCount "50"]
[EventDate "2006.01.14"]

1. e4 c5 2. Nf3 d6 3. Nc3 a6 4. d4 cxd4 5. Nxd4 e5 6. Nf3 Nf6 7. Be3 Be7 8. Bc4
b5 9. Bb3 Bb7 10. Nd5 Nbd7 11. a4 O-O 12. axb5 Nxe4 13. bxa6 Rxa6 14. Qd3 Rxa1+
15. Ke2 Ndc5 16. Bxc5 Nxc5 17. Qb5 Rxh1 18. Bc4 Ra1 19. b4 Ba6 20. Qb6 Bxc4+
21. Kd2 Ne4+ 22. Ke3 Bxd5 23. Qb5 Ra3+ 24. Ke2 Nc3+ 25. Kd2 Nxb5 0-1

[Event "C.to Provinciale AP"]
[Site "Fermo ITA"]
[Date "2006.01.15"]
[Round "2"]
[White "Iaconi, Andrea"]
[Black "Agostini, Renzo"]
[Result "1-0"]
[WhiteElo "1935"]
[BlackElo "1359"]
[PlyCount "41"]
[EventDate "2006.01.14"]

1. e4 e5 2. Nf3 Nc6 3. Bc4 Bc5 4. c3 d6 5. h3 Nf6 6. d3 O-O 7. O-O Ne7 8. Bg5
Ng6 9. d4 exd4 10. cxd4 Bb6 11. Nc3 Bd7 12. e5 h6 13. exf6 hxg5 14. Nxg5 gxf6
15. Qh5 fxg5 16. Qxg6+ Kh8 17. Bxf7 Rxf7 18. Qxf7 Be8 19. Qf8+ Kh7 20. Rae1 Bg6
21. Re7+ 1-0

[Event "C.to Provinciale AP"]
[Site "Fermo ITA"]
[Date "2006.01.15"]
[Round "2"]
[White "Mosca, Juri"]
[Black "Morelli, Basilio"]
[Result "0-1"]
[WhiteElo "1386"]
[BlackElo "1548"]
[PlyCount "56"]
[EventDate "2006.01.14"]

1. e4 c5 2. Nf3 d6 3. d4 cxd4 4. Qxd4 Nc6 5. Qd2 Nf6 6. Nc3 g6 7. Bc4 e6 8. b3
Bg7 9. O-O O-O 10. Bb2 a6 11. Rad1 Ne8 12. Rfe1 b5 13. Bd3 b4 14. Na4 Bxb2 15.
Nxb2 e5 16. c3 a5 17. Bc4 Bg4 18. Re3 bxc3 19. Qxc3 Nd4 20. h3 Bxf3 21. gxf3
Ng7 22. Bd5 Rc8 23. Qd3 Nh5 24. Bb7 Rc2 25. Na4 Nf4 26. Qa6 Qg5+ 27. Kf1 Qg2+
28. Ke1 Qxf2# 0-1

[Event "C.to Provinciale AP"]
[Site "Fermo ITA"]
[Date "2006.01.15"]
[Round "2"]
[White "Paci, Paolo"]
[Black "Perdichizzi, Roberto"]
[Result "1-0"]
[WhiteElo "1584"]
[BlackElo "1425"]
[PlyCount "79"]
[EventDate "2006.01.14"]

1. d4 Nf6 2. Nf3 g6 3. Bf4 Bg7 4. e3 d6 5. h3 Nh5 6. Bh2 O-O 7. Be2 c6 8. O-O
Nf6 9. Nbd2 Bf5 10. c3 Ne4 11. Nxe4 Bxe4 12. Nd2 Bf5 13. e4 Be6 14. Re1 Qb6 15.
b3 d5 16. Bf3 Re8 17. Rb1 dxe4 18. Nxe4 Bf5 19. Rb2 Bxe4 20. Bxe4 Nd7 21. Rbe2
e5 22. Bd3 Qc7 23. Bc4 b5 24. Bd3 Rad8 25. Qc2 Re7 26. f4 Rde8 27. fxe5 Nxe5
28. dxe5 Bxe5 29. Bxe5 Rxe5 30. Rxe5 Rxe5 31. Rxe5 Qxe5 32. Qd2 f5 33. c4 Kg7
34. cxb5 cxb5 35. Qe2 Qc5+ 36. Kh2 h5 37. Bxb5 Qc7+ 38. g3 h4 39. Qf2 g5 40.
Bc4 1-0

[Event "C.to Provinciale AP"]
[Site "Fermo ITA"]
[Date "2006.01.15"]
[Round "2"]
[White "Santarelli, Enrico"]
[Black "Piergentili, Roberto"]
[Result "1-0"]
[WhiteElo "1554"]
[BlackElo "1673"]
[PlyCount "85"]
[EventDate "2006.01.14"]

1. d4 Nf6 2. Nf3 e6 3. e3 b6 4. Bd3 Bb7 5. Nbd2 d5 6. O-O Bd6 7. c4 Nbd7 8. Re1
Ne4 9. Qc2 Ndf6 10. h3 Rc8 11. b4 c5 12. dxc5 bxc5 13. b5 O-O 14. Bb2 Qe7 15.
a4 Qc7 16. a5 Nxd2 17. Qxd2 e5 18. e4 dxc4 19. Bxc4 Nxe4 20. Qc2 Nf6 21. Nxe5
Rce8 22. f4 Re7 23. a6 Ba8 24. Bc3 Rfe8 25. Qf5 Bd5 26. Ba5 Qb8 27. Bxd5 Bxe5
28. fxe5 Rxe5 29. Rxe5 Rxe5 30. Bxf7+ Kxf7 31. Qd3 Rd5 32. Qf1 Kg8 33. Re1 Qd6
34. Bc3 Qb6 35. Kh1 Qd8 36. Bxf6 gxf6 37. Qc4 Kg7 38. Qg4+ Rg5 39. Qe6 Qd2 40.
Qe2 Qd5 41. Qf3 Qd7 42. Qb7 Rd5 43. Re7+ 1-0

[Event "C.to Provinciale AP"]
[Site "Fermo ITA"]
[Date "2006.01.15"]
[Round "3"]
[White "Agostini, Renzo"]
[Black "Mosca, Juri"]
[Result "1-0"]
[WhiteElo "1359"]
[BlackElo "1386"]
[PlyCount "73"]
[EventDate "2006.01.14"]

1. e4 e5 2. Nf3 Nc6 3. Bc4 Nf6 4. c3 Nxe4 5. O-O g5 6. d4 exd4 7. cxd4 d5 8.
Bd3 Nd6 9. Qb3 Nf5 10. Re1+ Be7 11. Bxg5 Na5 12. Qb5+ c6 13. Qc5 Kf8 14. Bxe7+
Nxe7 15. Ne5 b6 16. Qc2 Rg8 17. Bxh7 Rg7 18. Re3 Be6 19. Rf3 Qd6 20. Nd2 f5 21.
Rh3 f4 22. Rf3 c5 23. Rxf4+ Ke8 24. Re1 cxd4 25. Qa4+ Kd8 26. Rf8+ Kc7 27. Rxa8
Bh3 28. Rc1+ Kb7 29. Rg8 Nxg8 30. Bxg8 Rxg8 31. Qxd4 Rxg2+ 32. Kh1 Qh6 33.
Qxd5+ Ka6 34. Qd3+ Kb7 35. Qd5+ Ka6 36. b4 Qf4 37. b5# 1-0

[Event "C.to Provinciale AP"]
[Site "Fermo ITA"]
[Date "2006.01.15"]
[Round "3"]
[White "Morelli, Basilio"]
[Black "Santarelli, Enrico"]
[Result "0-1"]
[WhiteElo "1548"]
[BlackElo "1554"]
[PlyCount "140"]
[EventDate "2006.01.14"]

1. d4 d5 2. Nf3 Nf6 3. Bf4 c5 4. e3 e6 5. Be2 Nc6 6. c3 a6 7. Nbd2 c4 8. Ne5
Nxe5 9. Bxe5 Be7 10. a4 a5 11. Bf3 Bd7 12. e4 Bc6 13. exd5 exd5 14. O-O O-O 15.
Re1 Bd6 16. b3 cxb3 17. Qxb3 Bxe5 18. Rxe5 Qd7 19. h3 Rfe8 20. Be2 Rxe5 21.
dxe5 Ne4 22. Nxe4 dxe4 23. Bg4 Qd5 24. Qxd5 Bxd5 25. Rd1 Bc6 26. Rd4 Re8 27.
Bd7 Bxd7 28. Rxd7 Rb8 29. Rd4 Rc8 30. Kf1 Kf8 31. c4 e3 32. Ke2 exf2 33. Kxf2
Ke7 34. Ke3 Rc6 35. Ke4 b6 36. g4 Rh6 37. Rd3 Rc6 38. Rd4 h6 39. Kd5 Rc5+ 40.
Ke4 Rc6 41. h4 Ke6 42. Kf4 g6 43. g5 hxg5+ 44. hxg5 Ke7 45. Ke4 Rc8 46. Kd5 Kd7
47. Ke4+ Kc7 48. Rd6 Rh8 49. Rf6 Rf8 50. e6 Kd6 51. Rxf7 Re8 52. e7 Kd7 53. Kd5
Rc8 54. Rf8 Rc5+ 55. Kd4 Kxe7 56. Rb8 Rc6 57. Rb7+ Ke6 58. Rg7 Kf5 59. Rd7 Kxg5
60. Rd5+ Kf4 61. c5 bxc5+ 62. Rxc5 Rxc5 63. Kxc5 g5 64. Kb5 g4 65. Kxa5 g3 66.
Kb5 g2 67. a5 g1=Q 68. a6 Qa7 69. Ka5 Ke4 70. Kb5 Kd4 0-1

[Event "C.to Provinciale AP"]
[Site "Fermo ITA"]
[Date "2006.01.15"]
[Round "3"]
[White "Paci, Paolo"]
[Black "Iaconi, Andrea"]
[Result "1/2-1/2"]
[WhiteElo "1584"]
[BlackElo "1935"]
[PlyCount "95"]
[EventDate "2006.01.14"]

1. d4 Nf6 2. Nf3 g6 3. Bf4 Bg7 4. e3 O-O 5. h3 d5 6. Bd3 c5 7. c3 cxd4 8. cxd4
Nc6 9. a3 a6 10. O-O Be6 11. Nc3 Qd7 12. Re1 Bf5 13. Rc1 Bxd3 14. Qxd3 b5 15.
b4 e6 16. Rc2 Rac8 17. Rec1 Rfe8 18. g4 Qb7 19. Bg5 Nd7 20. Bf4 Nb6 21. Ne2 Nc4
22. Nd2 e5 23. dxe5 N6xe5 24. Bxe5 Bxe5 25. Nf3 Bb2 26. Nfd4 Bxc1 27. Rxc1 Ne5
28. Qb1 Rxc1+ 29. Nxc1 Rc8 30. Ncb3 Nc4 31. Nc5 Qb6 32. Qa2 Qd6 33. a4 Rb8 34.
axb5 axb5 35. Qa7 Qd8 36. Qd7 Qxd7 37. Nxd7 Rd8 38. Nf6+ Kg7 39. g5 Na3 40. Kg2
h6 41. h4 hxg5 42. hxg5 Kf8 43. Kg3 Rd6 44. Kf4 Ke7 45. Ng8+ Kd7 46. Nf6+ Ke7
47. Ng8+ Kd7 48. Nf6+ 1/2-1/2

[Event "C.to Provinciale AP"]
[Site "Fermo ITA"]
[Date "2006.01.21"]
[Round "4"]
[White "Iaconi, Andrea"]
[Black "Piergentili, Roberto"]
[Result "1-0"]
[WhiteElo "1935"]
[BlackElo "1673"]
[PlyCount "57"]
[EventDate "2006.01.14"]

1. e4 c5 2. Nf3 d6 3. d4 cxd4 4. Nxd4 Nf6 5. Nc3 a6 6. Be2 e5 7. Nb3 Be6 8. Bg5
Be7 9. O-O Nc6 10. Kh1 O-O 11. f4 h6 12. Bxf6 Bxf6 13. f5 Bxb3 14. cxb3 Nd4 15.
Nd5 Rc8 16. Bd3 Kh8 17. Rc1 Rg8 18. Qh5 Rxc1 19. Rxc1 Bg5 20. Rc7 g6 21. fxg6
fxg6 22. Qg4 Rg7 23. Rc8 Rg8 24. Rxd8 Rxd8 25. h4 Bc1 26. Qxg6 Rg8 27. Qf6+ Rg7
28. Ne7 Bxb2 29. Qxh6+ 1-0

[Event "C.to Provinciale AP"]
[Site "Fermo ITA"]
[Date "2006.01.21"]
[Round "4"]
[White "Mosca, Juri"]
[Black "Zucca, Edoardo"]
[Result "1-0"]
[WhiteElo "1386"]
[BlackElo "1410"]
[PlyCount "137"]
[EventDate "2006.01.14"]

1. e4 e5 2. Nf3 Nc6 3. Nc3 Nf6 4. Bc4 Bb4 5. Qe2 Nd4 6. Nxd4 exd4 7. Na4 d6 8.
c3 Bc5 9. Nxc5 dxc5 10. b4 cxb4 11. cxb4 O-O 12. O-O Bg4 13. f3 Bh5 14. g4 Bg6
15. Bb2 Qd6 16. Ba3 Qb6 17. Qd3 a5 18. bxa5 Rxa5 19. Bxf8 Kxf8 20. Rab1 Qa7 21.
Rb5 c6 22. Rxa5 Qxa5 23. Qxd4 Qa4 24. Qc5+ Kg8 25. Bb3 Qa6 26. Bc4 b5 27. Bb3
Nd7 28. Qe7 Qb7 29. Qe8+ Nf8 30. Rc1 h5 31. Rxc6 Qd7 32. Qxd7 Nxd7 33. Rc8+ Kh7
34. Rc7 Ne5 35. Kf2 hxg4 36. fxg4 Nxg4+ 37. Kg3 f5 38. exf5 Bxf5 39. Rc5 g6 40.
Rxb5 Nf6 41. Rb7+ Kh6 42. a4 Be4 43. Rb6 Nd7 44. Rd6 Nc5 45. Bd1 Bd3 46. Rc6
Nb7 47. Bf3 Nd8 48. Rd6 Nf7 49. Rxd3 Ne5 50. Rd5 Nxf3 51. Kxf3 g5 52. a5 Kh5
53. a6 Kh4 54. a7 g4+ 55. Kf2 Kh3 56. a8=Q Kxh2 57. Ke2 g3 58. Rg5 Kh3 59.
Rxg3+ Kxg3 60. d4 Kf4 61. Qe8 Kg5 62. d5 Kf6 63. d6 Kg5 64. d7 Kf6 65. d8=R Kg5
66. Qe7+ Kf4 67. Rf8+ Kg4 68. Qg7+ Kh4 69. Rh8# 1-0

[Event "C.to Provinciale AP"]
[Site "Fermo ITA"]
[Date "2006.01.21"]
[Round "4"]
[White "Santarelli, Enrico"]
[Black "Paci, Paolo"]
[Result "1/2-1/2"]
[WhiteElo "1554"]
[BlackElo "1584"]
[PlyCount "154"]
[EventDate "2006.01.14"]

1. d4 g6 2. e4 d6 3. Bd3 Bg7 4. c3 Nd7 5. Nf3 Ngf6 6. Nbd2 b6 7. O-O O-O 8. Re1
e5 9. dxe5 dxe5 10. Nc4 Re8 11. b4 Bb7 12. a4 a5 13. Qc2 Ba6 14. Bb2 Bf8 15.
Ba3 Nh5 16. Rad1 Qf6 17. Bf1 Bb7 18. Rxd7 Bc8 19. Rd5 Bg4 20. Nfxe5 Be6 21. Nd7
Qf4 22. Rdd1 Rad8 23. Nxf8 Rxf8 24. bxa5 Rfe8 25. axb6 cxb6 26. Bd6 Qg5 27.
Nxb6 Qa5 28. Nd5 Rxd6 29. Nf6+ Nxf6 30. Rxd6 Rc8 31. c4 Qxe1 32. Rd4 Rc5 33. f3
Qa1 34. Rd1 Qe5 35. Rd3 Kg7 36. Rb3 Qa1 37. Rb5 Qd4+ 38. Qf2 Qxf2+ 39. Kxf2 Rc8
40. Rb4 Ra8 41. c5 Nd7 42. c6 Nc5 43. Bb5 Kf8 44. Rd4 Ke7 45. f4 Rd8 46. Ke3
Nb3 47. Rxd8 Kxd8 48. h3 Kc7 49. g4 f5 50. exf5 gxf5 51. g5 Bd5 52. Bd3 Be6 53.
Bb5 Kb6 54. h4 Bf7 55. Bd3 Bg6 56. h5 Bxh5 57. Bxf5 Kxc6 58. Bxh7 Nc5 59. g6
Ne6 60. Bg8 Ng7 61. Bf7 Bd1 62. a5 Kb5 63. Kd4 Kxa5 64. Ke5 Bc2 65. Kf6 Nh5+
66. Kg5 Ng7 67. Kh6 Nf5+ 68. Kh7 Kb6 69. Kh8 Kc5 70. g7 Nxg7 71. Kxg7 Kd6 72.
Bg6 Bb3 73. Kf6 Be6 74. Be8 Bc4 75. Bf7 Bd3 76. Bg6 Bc4 77. Bf5 Bb3 1/2-1/2

[Event "C.to Provinciale AP"]
[Site "Fermo ITA"]
[Date "2006.01.22"]
[Round "5"]
[White "Piergentili, Roberto"]
[Black "Paci, Paolo"]
[Result "1-0"]
[WhiteElo "1673"]
[BlackElo "1584"]
[PlyCount "85"]
[EventDate "2006.01.14"]

1. d4 g6 2. c4 d6 3. Nc3 Nd7 4. e4 Bg7 5. f3 e5 6. d5 a6 7. Be3 Ne7 8. Qd2 O-O
9. g4 f6 10. h4 Rf7 11. Nge2 Nf8 12. Ng3 c6 13. O-O-O cxd5 14. cxd5 Bd7 15. Kb1
Rc8 16. Bd3 b5 17. h5 g5 18. h6 Bh8 19. Rdg1 Neg6 20. Nf5 Be8 21. Ne2 Rb7 22.
Qb4 Rd7 23. Rc1 a5 24. Rxc8 axb4 25. Rxd8 Rxd8 26. Rc1 Kf7 27. Bd2 Nh4 28. Bxb4
Nxf3 29. Nxd6+ Kg6 30. Nxe8 Rxe8 31. Bxb5 Rb8 32. a4 Kxh6 33. Ng3 Kg6 34. Nf5
Nh2 35. Ne7+ Kg7 36. Rc7 Kh6 37. Nf5+ Kg6 38. Bxf8 Rxf8 39. d6 Nxg4 40. d7 Rd8
41. Rc8 Rxd7 42. Bxd7 h5 43. Rxh8 1-0

[Event "C.to Provinciale AP"]
[Site "Fermo ITA"]
[Date "2006.01.22"]
[Round "5"]
[White "Santarelli, Enrico"]
[Black "Iaconi, Andrea"]
[Result "0-1"]
[WhiteElo "1554"]
[BlackElo "1935"]
[PlyCount "92"]
[EventDate "2006.01.14"]

1. d4 Nf6 2. Nf3 g6 3. Nbd2 d5 4. e3 Bg7 5. Bd3 O-O 6. O-O Bg4 7. h3 Bd7 8. Ne5
Nc6 9. Nxd7 Nxd7 10. c3 e5 11. Bb5 Ne7 12. Bxd7 Qxd7 13. dxe5 Bxe5 14. e4 Rad8
15. Nf3 Bg7 16. e5 Nc6 17. Bf4 Qf5 18. Qd2 Nxe5 19. Nxe5 Bxe5 20. Bxe5 Qxe5 21.
Rfe1 Qd6 22. Re3 Rfe8 23. Rae1 Rxe3 24. Qxe3 d4 25. cxd4 Qxd4 26. Qxd4 Rxd4 27.
Re2 a5 28. b3 a4 29. Kf1 axb3 30. axb3 Rd1+ 31. Re1 Rxe1+ 32. Kxe1 Kf8 33. Ke2
Ke7 34. Kd3 Kd6 35. g4 Kd5 36. f3 c5 37. h4 b5 38. f4 c4+ 39. bxc4+ bxc4+ 40.
Ke3 f5 41. g5 c3 42. Kd3 c2 43. Kxc2 Ke4 44. Kd2 Kxf4 45. Ke2 Kg4 46. Ke3 f4+
0-1

[Event "C.to Provinciale AP"]
[Site "Fermo ITA"]
[Date "2006.01.22"]
[Round "5"]
[White "Zucca, Edoardo"]
[Black "Perdichizzi, Roberto"]
[Result "0-1"]
[WhiteElo "1410"]
[BlackElo "1425"]
[PlyCount "50"]
[EventDate "2006.01.14"]

1. e4 d6 2. d4 Nf6 3. Nc3 c6 4. Nf3 g6 5. Bf4 Bg7 6. g3 O-O 7. e5 Nd5 8. Nxd5
cxd5 9. exd6 exd6 10. Bg2 Re8+ 11. Be3 Bg4 12. O-O Qd7 13. h3 Bxh3 14. Bxh3
Qxh3 15. Ng5 Qf5 16. Re1 Nd7 17. g4 Qf6 18. Rc1 Rxe3 19. Rxe3 Qxg5 20. Qe2 Kf8
21. Re1 Nf6 22. Qd2 Qxg4+ 23. Kf1 Ne4 24. Qd3 Qh4 25. R1e2 Qh1# 0-1

[Event "C.to Provinciale AP"]
[Site "Fermo ITA"]
[Date "2006.01.22"]
[Round "6"]
[White "Agostini, Renzo"]
[Black "Perdichizzi, Roberto"]
[Result "0-1"]
[WhiteElo "1359"]
[BlackElo "1425"]
[PlyCount "48"]
[EventDate "2006.01.14"]

1. e4 d6 2. Bc4 Nf6 3. d3 g6 4. h3 Bg7 5. Nf3 O-O 6. O-O e5 7. Nc3 c6 8. Bb3
Qe8 9. Be3 Nbd7 10. Qd2 Nc5 11. Bh6 Nxb3 12. axb3 Be6 13. Rae1 Qd7 14. Nh2 a6
15. Qg5 Nh5 16. Bxg7 Kxg7 17. g4 Nf4 18. Re3 f6 19. Qh4 g5 20. Qg3 Rh8 21. Kh1
h5 22. f3 hxg4 23. hxg4 Rh3 24. Qf2 Rah8 0-1

[Event "C.to Provinciale AP"]
[Site "Fermo ITA"]
[Date "2006.01.22"]
[Round "6"]
[White "Iaconi, Andrea"]
[Black "Morelli, Basilio"]
[Result "1-0"]
[WhiteElo "1935"]
[BlackElo "1548"]
[PlyCount "53"]
[EventDate "2006.01.14"]

1. d4 Nf6 2. c4 d6 3. Nc3 g6 4. e4 e6 5. Nf3 Be7 6. Be2 Nbd7 7. O-O c5 8. d5 e5
9. Ne1 Nb6 10. f4 Nbd7 11. Nf3 h5 12. fxe5 Nxe5 13. Nxe5 dxe5 14. Bg5 Ng4 15.
Bxe7 Qxe7 16. Qd3 O-O 17. h3 Nh6 18. Qg3 Kh7 19. d6 Qxd6 20. Rad1 Qb6 21. Nd5
Qxb2 22. Bxh5 gxh5 23. Nf6+ Kh8 24. Qg5 Qxg2+ 25. Kxg2 Rg8 26. Nxg8 Nxg8 27.
Qxh5+ 1-0

[Event "C.to Provinciale AP"]
[Site "Fermo ITA"]
[Date "2006.01.22"]
[Round "6"]
[White "Paci, Paolo"]
[Black "Mosca, Juri"]
[Result "1-0"]
[WhiteElo "1584"]
[BlackElo "1386"]
[PlyCount "67"]
[EventDate "2006.01.14"]

1. d4 d5 2. Nf3 Nf6 3. Bf4 Bf5 4. e3 Nc6 5. c3 e6 6. Nbd2 Be7 7. Bb5 a6 8.
Bxc6+ bxc6 9. Ne5 Qd6 10. Nxf7 Qd7 11. Nxh8 Rb8 12. b4 Bd6 13. Nf3 Bxf4 14.
exf4 Ne4 15. Rc1 Qd6 16. Ne5 Rd8 17. Nhf7 Qe7 18. Nxd8 Kxd8 19. Nxc6+ Kd7 20.
Nxe7 Kxe7 21. O-O Nf6 22. h3 h6 23. Qa4 Bd3 24. Rfe1 Bb5 25. Qd1 g5 26. fxg5
hxg5 27. Qd2 Ne4 28. Qe3 c6 29. f3 Nf6 30. Qxe6+ Kd8 31. Qxf6+ Kc7 32. Qe7+ Kb6
33. Qd8+ Kb7 34. Re7# 1-0

[Event "C.to Provinciale VC"]
[Site "Santhia' ITA"]
[Date "2006.01.??"]
[Round "?"]
[White "Crepaldi, Marco"]
[Black "Laurenti, Stefano"]
[Result "1-0"]
[WhiteElo "1819"]
[BlackElo "2030"]
[PlyCount "81"]
[EventDate "2006.01.12"]

1. e4 d5 2. exd5 Qxd5 3. Nc3 Qa5 4. d4 Nf6 5. Nf3 Bg4 6. h3 Bh5 7. Bc4 e6 8.
Bd2 c6 9. Nd5 Qd8 10. Nxf6+ gxf6 11. Qe2 Bd6 12. O-O-O Qe7 13. Rhe1 Nd7 14. g4
Bg6 15. Nh4 O-O-O 16. f4 f5 17. g5 Rhg8 18. d5 cxd5 19. Bxd5 Nb6 20. Bb3 h6 21.
Nxg6 Rxg6 22. h4 hxg5 23. hxg5 Qc7 24. Qf2 Bc5 25. Be3 Nd7 26. Ba4 Bxe3+ 27.
Rxe3 Nc5 28. Rc3 Rxd1+ 29. Kxd1 b6 30. b4 Nxa4 31. Rxc7+ Kxc7 32. Qd4 Rg8 33.
Qf6 Rd8+ 34. Kc1 Rd7 35. g6 fxg6 36. Qxe6 Rd6 37. Qf7+ Kc6 38. Qe8+ Rd7 39.
Qxg6+ Rd6 40. Qxf5 Nc3 41. Qc8+ 1-0

[Event "C.to Provinciale VC"]
[Site "Santhia' ITA"]
[Date "2006.01.??"]
[Round "?"]
[White "Laurenti, Stefano"]
[Black "Caldi, Mario"]
[Result "1-0"]
[WhiteElo "2030"]
[BlackElo "1990"]
[PlyCount "53"]
[EventDate "2006.01.12"]

1. e4 e6 2. d4 d5 3. Nc3 Nf6 4. Bg5 dxe4 5. Nxe4 Be7 6. Bxf6 Bxf6 7. c3 O-O 8.
Nf3 b6 9. Bd3 Bb7 10. h4 Nd7 11. Qc2 Rc8 12. O-O-O Qe7 13. Rh3 Bxe4 14. Bxe4 g6
15. h5 c5 16. hxg6 fxg6 17. d5 Kg7 18. Qd2 Kg8 19. Kb1 Ne5 20. dxe6 Rcd8 21.
Nxe5 Rxd2 22. Rxd2 Rd8 23. Nd7 Rxd7 24. Rxd7 Qf8 25. Bd5 Be7 26. Rf3 Qg7 27.
Rd8+ 1-0

[Event "C.to Provinciale SR"]
[Site "Augusta ITA"]
[Date "2006.01.06"]
[Round "1"]
[White "Alaimo, Riccardo"]
[Black "Olivieri, Lucio"]
[Result "1-0"]
[WhiteElo "2180"]
[BlackElo "1641"]
[PlyCount "25"]
[EventDate "2006.01.06"]

1.e4 e6 2.Nc3 d5 3.d4 Nf6 4.Bg5 Be7 5.e5 Nfd7 6.h4 c5 7.Bxe7 Qxe7 8.Nb5 
Qd8 9.Nd6+ Kf8 10.Qh5 g6 11.Qh6+ Kg8 12.h5 cxd4 13.Nxf7 1-0

[Event "C.to Provinciale SR"]
[Site "Augusta ITA"]
[Date "2006.01.06"]
[Round "2"]
[White "Bottini, Paolo"]
[Black "Alaimo, Riccardo"]
[Result "0-1"]
[WhiteElo "1918"]
[BlackElo "2180"]
[PlyCount "120"]
[EventDate "2006.01.06"]

1.e4 c5 2.Nf3 d6 3.d4 cxd4 4.Nxd4 Nf6 5.Nc3 a6 6.f4 e5 7.Nf3 Nbd7 8.a4 Be7
9.Bd3 O-O 10.O-O Nc5 11.Kh1 exf4 12.Bxf4 Bg4 13.Qe1 Bh5 14.Rd1 Qb6 15.a5 
Qxb2 16.e5 dxe5 17.Rb1 Qa3 18.Nxe5 Qxa5 19.Nc4 Qd8 20.Nb6 Ra7 21.Bf5 Ncd7 
22.Be3 Nc5 23.Qf2 Ne6 24.h3 Re8 25.Nbd5 Ra8 26.Bxe6 fxe6 27.Bb6 Qc8 28.Nc7
Rf8 29.Qe3 Rb8 30.Nxe6 Re8 31.Nc7 Qd7 32.Nxe8 Rxe8 33.Qf2 Qc6 34.Bd4 Rf8 
35.Qe3 Bd8 36.Rf5 Bg6 37.Rc5 Qd7 38.Bxf6 Bxf6 39.Rd5 Qf7 40.Rd2 h6 41.Ne4 
Be5 42.Rf2 Bf4 43.Qd4 Qe7 44.Qd5+ Kh7 45.Nc5 Qh4 46.Rf3 Rd8 47.Qc4 Bg5 48.
Qxh4 Bxh4 49.Ne6 Rd2 50.Nf8+ Kg8 51.Nxg6 Bf6 52.c4 Rc2 53.Rxb7 Rxc4 54.Rf1
Ra4 55.Rb8+ Kf7 56.Ne5+ Ke6 57.Nc6 Ra2 58.Rb6 Kd5 59.Nb4+ Kc5 60.Nxa2 Kxb6
0-1

[Event "C.to Provinciale SR"]
[Site "Augusta ITA"]
[Date "2006.01.07"]
[Round "3"]
[White "Alaimo, Riccardo"]
[Black "Sardo, Gabriele"]
[Result "1-0"]
[WhiteElo "2180"]
[BlackElo "2194"]
[PlyCount "113"]
[EventDate "2006.01.06"]

1.e4 c5 2.Nf3 d6 3.d4 cxd4 4.Nxd4 Nf6 5.Nc3 a6 6.Be3 e6 7.f3 b5 8.g4 h6 9.
Qd2 Nbd7 10.O-O-O Bb7 11.h4 b4 12.Na4 Qa5 13.b3 Nc5 14.a3 Rc8 15.Qxb4 Qc7 
16.Kb1 d5 17.Nxc5 Bxc5 18.Qa4+ Kf8 19.b4 Bd6 20.e5 Bxe5 21.Bh3 Nd7 22.g5 
Nb6 23.Qb3 Qc3 24.Rd3 Qxb3+ 25.cxb3 Nd7 26.g6 Bxd4 27.Bxd4 Rc6 28.Rc1 
Rxc1+ 29.Kxc1 Ke7 30.Re3 Rc8+ 31.Kd2 Nf8 32.Bc5+ Rxc5 33.bxc5 Nxg6 34.h5 
Nf4 35.Bf1 d4 36.Re1 Kd7 37.b4 Nxh5 38.a4 a5 39.b5 Bxf3 40.Kd3 Nf6 41.Kxd4
Nd5 42.Bc4 Nb4 43.Rf1 Bh5 44.b6 Nc2+ 45.Kc3 Ne3 46.Bb5+ Kc8 47.Rh1 Bf3 48.
Rh3 Nd5+ 49.Kd4 Bg4 50.Ba6+ Kd7 51.Rb3 Nb4 52.Bb5+ Kc8 53.c6 e5+ 54.Kxe5 
Be6 55.Rxb4 axb4 56.Ba6+ Kb8 57.c7+ 1-0